[Event "77th ITA-ch Men 2017"]
[Site "Cosenza"]
[Date "2017.11.29"]
[Round "1"]
[White "David, Alberto"]
[Black "Garcia Palermo, Carlos"]
[Result "1-0"]
[WhiteElo "2570"]
[BlackElo "2440"]
[Annotator "TA"]
[PlyCount "43"]
[EventDate "2017.??.??"]
[EventType "tourn"]
[EventCountry "ITA"]
[SourceTitle "playchess.com"]
[Source "ChessBase"]
[SourceQuality "1"]

{[%evp 9,43,35,41,32,31,23,25,25,25,25,27,25,22,22,29,30,22,22,22,22,22,22,28,22,26,24,13,10,13,13,13,14,92,88,289,282]} 1. d4 Nf6 2. c4 b6 3. f3 d5 (3... Nc6 4. Nc3 e5 5. d5 Ne7 6. e4 Ng6 7. Be3 Bc5 8. Bxc5 bxc5 9. Qd2 d6 10. Bd3 O-O 11. O-O-O {0-1 (31) Brunello,S (2555)-Short,N (2698) Heraklio 2017}) 4. cxd5 Qxd5 5. Nc3 $146 ({Vorgänger:} 5. e4 Qd7 6. Nc3 e6 7. Be3 Be7 8. Bb5 c6 9. Ba4 O-O 10. Nge2 Rd8 11. O-O {0-1 (36) Lerch,P (2324)-Schnoor,E (2141) Berlin 2015}) 5... Qb7 6. e4 {A50: Damenindisch (ohne e7-e6)} e6 7. Bc4 c5 8. d5 {und nun wäre Lg5 stark für Weiss.Weiß hat minimalen Vorteil.} a6 9. a4 exd5 10. Nxd5 Nxd5 11. Bxd5 Nc6 12. Ne2 Be7 13. O-O O-O 14. Qb3 Bd7 15. Rd1 Rad8 16. Bd2 $36 {[%mdl 2048] Weiss steht aktiver.} Qa7 17. Kh1 Nb4 18. Bc4 Qb7 19. Bxb4 cxb4 20. Nf4 {[%cal Be2f4,Bf4d3,Bd3e5][%mdl 32]} Bc5 (20... a5 $11 {bleibt in der Remisbreite.}) 21. Nd3 $16 {[#] Droht Se5 und aus.} a5 $2 (21... Qc8 $16) 22. Ne5 {Precision: Weiß = 89%, Schwarz = 70%.} 1-0

[Event "77th ITA-ch Men 2017"]
[Site "Cosenza"]
[Date "2017.11.29"]
[Round "1"]
[White "Brunello, Sabino"]
[Black "Valsecchi, Alessio"]
[Result "0-1"]
[WhiteElo "2556"]
[BlackElo "2501"]
[Annotator "TA"]
[PlyCount "72"]
[EventDate "2017.??.??"]
[EventType "tourn"]
[EventCountry "ITA"]
[SourceTitle "playchess.com"]
[Source "ChessBase"]
[SourceQuality "1"]

{[%evp 17,71,11,8,-18,0,-3,0,0,0,0,0,0,0,7,36,-43,-22,-83,0,-4,0,0,-16,-12,50,45,55,56,48,42,54,50,50,53,62,65,43,22,18,0,76,2,454,0,0,-690,-691,-621,-597,-29992,-29993,-29997,-29998,-29998,-29999,-29999]} 1. c4 e6 2. b3 b6 3. Bb2 Nf6 4. Nf3 Bb7 5. e3 Be7 6. Be2 O-O 7. O-O d5 8. Nc3 Nbd7 9. Rc1 {A13: English Opening: 1...e6} (9. d4 c5 10. cxd5 Nxd5 11. Nxd5 Bxd5 12. Rc1 Rc8 13. Bc4 Bb7 14. Qe2 Rc7 15. Rfd1 Qa8 16. dxc5 Nxc5 17. Ne1 Rd8 18. Qg4 Bf8 19. Rxd8 Qxd8 20. Rd1 Rd7 21. Rxd7 Qxd7 {½-½ (41) Moussard,J (2487)-Gharamian,T (2644) Saint-Quentin 2015}) 9... c5 {LiveBook: 3 Games} 10. Rc2 Rc8 11. Qa1 {The position is equal.} Bd6 $146 ({Predecessor:} 11... dxc4 12. bxc4 a6 13. d3 Qc7 14. g3 Rfd8 15. e4 Nb8 16. Nd1 Nc6 {1-0 (49) Jablonicky,F (2118)-Sosovicka,J (1793) Slovakia 2016}) 12. cxd5 exd5 13. d4 a6 14. dxc5 bxc5 15. Rd1 Qe7 16. g3 (16. Rcd2 $1 $14) 16... Rfe8 $15 17. Rcd2 (17. Rdd2 $11) 17... Qe6 (17... d4 $1 $17 {[%cal Rd4c3]} 18. exd4 cxd4 19. Nxd4 Bc5) 18. Qb1 $11 {Threatens to win with Ng5.} h6 $1 19. Nh4 Ne5 {Strongly threatening ...d4!} 20. Qf5 d4 ({Black should try} 20... c4 $11) 21. exd4 $14 cxd4 22. Rxd4 Bc5 {Hoping for ...Qc6.} 23. Qxe6 Rxe6 24. Rd8+ Rxd8 25. Rxd8+ Kh7 26. Na4 Ba7 27. Kf1 Neg4 $1 28. Nf3 Bxf2 {[#]} (28... Bxf3 $11 {keeps the balance.} 29. Bxf3 Nxh2+ 30. Kg2 Nxf3 31. Kxf3 Ne4) 29. Rf8 ({White should play} 29. Bd3+ $1 $16 g6 30. Bc4) 29... Ne4 $2 {[%mdl 8192] [#]} (29... Bxf3 $1 $11 30. Bxf3 Re1+ 31. Kg2 Kg6) 30. Bd3 $2 (30. Ng5+ $1 $18 {[%mdl 512]} Nxg5 31. Bxg4) 30... f5 $36 {[%mdl 2048] White is under pressure.} 31. Kg2 $2 {[%mdl 8192]} (31. Bxe4 $11 Bxe4 32. Rf7) 31... Ne3+ $19 32. Kh3 Rg6 {( -> ...Ng5+)} 33. Ne5 {and the idea Bxe4 leaves White hopeful.} Rg5 {[%cal Rg5h5] Black mates.} 34. Be2 {[#]} Rh5+ $1 {[%mdl 512]} 35. Bxh5 Ng5+ 36. Kh4 Ng2# {Precision: White = 45%, Black = 58%.} 0-1

[Event "77th ITA-ch Men 2017"]
[Site "Cosenza"]
[Date "2017.11.29"]
[Round "1"]
[White "Godena, Michele"]
[Black "Dvirnyy, Danyyil"]
[Result "1-0"]
[WhiteElo "2490"]
[BlackElo "2539"]
[Annotator "TA"]
[PlyCount "40"]
[EventDate "2017.??.??"]
[EventType "tourn"]
[EventCountry "ITA"]
[SourceTitle "playchess.com"]
[Source "ChessBase"]
[SourceQuality "1"]

{[%evp 11,40,0,-4,-12,-14,-8,-24,-17,0,0,0,0,9,8,26,0,21,33,61,57,131,141,176,164,170,162,253,254,267,271,729]} 1. e4 e6 2. d4 d5 3. Nd2 Be7 4. Bd3 c5 5. dxc5 Nf6 6. exd5 {C03: French Tarrasch: Unusual Black 3rd moves} (6. Ngf3 dxe4 7. Nxe4 Nxe4 8. Bxe4 Qxd1+ 9. Kxd1 Bxc5 10. Be3 Bxe3 11. fxe3 Nd7 12. Nd2 Ke7 13. Ke2 Nc5 14. Bf3 Bd7 15. c4 {½-½ (76) Duda,J (2707)-So,W (2810) Leon 2017}) 6... Qxd5 {LiveBook: 113 Games} 7. Qf3 Qxc5 8. Ne4 $146 {The position is equal.} ({Predecessor:} 8. Nb3 Qc7 9. Bd2 O-O 10. Ne2 Nc6 11. O-O Bd6 12. Qh3 Ne5 13. Bg5 Nxd3 14. Bxf6 {1-0 (45) Benzen,M (2036)-Nguyen Minh,T (2016) Germany 2016}) 8... Nxe4 9. Qxe4 Nd7 {[%cal Bb8d7,Bd7f6,Bf6d5][%mdl 32]} 10. Nf3 Nf6 11. Qh4 Nd5 $132 {[%mdl 2048] Black is not keeping still} 12. Qg3 O-O 13. a3 Bd6 14. Qh4 {[%csl Gd3][%cal Rh4h7] [#]} f5 15. O-O e5 ({Better is} 15... Qc7 $14) 16. Qc4 $16 {aiming for Qxc5.} (16. Ng5 $2 h6 $17) 16... e4 {[#]} 17. Qxc5 $1 Bxc5 18. Bc4 Rd8 (18... Kh8 $142) 19. Bg5 $18 Rd6 20. Be7 $1 {[%cal Re7d6]} e3 $2 {Precision: White = 65%, Black = 19%.} (20... b5) 1-0

[Event "77th ITA-ch Men 2017"]
[Site "Cosenza"]
[Date "2017.11.29"]
[Round "1"]
[White "Gilevych, Artem"]
[Black "Stella, Andrea"]
[Result "0-1"]
[WhiteElo "2429"]
[BlackElo "2506"]
[Annotator "TA"]
[PlyCount "40"]
[EventDate "2017.??.??"]
[EventType "tourn"]
[EventCountry "ITA"]
[SourceTitle "playchess.com"]
[Source "ChessBase"]
[SourceQuality "1"]

{[%evp 10,40,50,11,27,19,7,12,12,7,7,7,9,7,10,-4,0,-16,16,-14,0,-65,-49,-44,-69,-158,-149,-217,-216,-721,-721,-721,-721]} 1. d4 Nf6 2. c4 g6 3. f3 e6 4. Nc3 d5 5. Bg5 h6 6. Bh4 {LiveBook: 4 Games. E60: King's Indian: Unusual lines and Fianchetto Variation without Nc3} (6. Bxf6 $5 Qxf6 7. cxd5 $14) 6... Be7 7. cxd5 $146 ({Predecessor:} 7. Qd2 Nbd7 8. Bg3 c6 9. e4 dxe4 10. fxe4 Bb4 11. Bd3 {1-0 (36) Nakamura,H (2772)-Safarli,E (2660) Tromsoe 2013}) 7... Nxd5 8. Bxe7 {The position is equal.} Qxe7 9. e4 Nxc3 10. bxc3 c5 11. Qd2 Nc6 12. Bb5 O-O 13. Ne2 Rd8 14. h4 cxd4 15. Bxc6 ({Don't play} 15. Nxd4 e5 $17) (15. Qxh6 $11 d3 16. h5 dxe2 17. hxg6) 15... bxc6 {[%cal Bb7c6,Bc6c5][%mdl 32]} 16. cxd4 Ba6 17. Nc3 {[#]} (17. Kf2 $15) 17... c5 $1 $17 18. d5 {[#]} (18. e5 $17) 18... exd5 $1 $19 19. Nxd5 $2 {[#]} (19. Kf2 dxe4 20. Nd5) 19... Rxd5 $1 {[%mdl 512]} 20. Qxd5 Rd8 {Precision: White = 11%, Black = 70%.} 0-1

[Event "77th ITA-ch Men 2017"]
[Site "Cosenza"]
[Date "2017.11.29"]
[Round "1"]
[White "Genocchio, Daniele"]
[Black "Moroni, Luca Jr"]
[Result "0-1"]
[WhiteElo "2410"]
[BlackElo "2506"]
[Annotator "TA"]
[PlyCount "62"]
[EventDate "2017.??.??"]
[EventType "tourn"]
[EventCountry "ITA"]
[SourceTitle "playchess.com"]
[Source "ChessBase"]
[SourceQuality "1"]

{[%evp 20,62,13,-10,0,-7,0,0,6,-29,-27,-38,0,-56,-29,-43,-32,-70,-70,-56,-60,-57,-57,-84,-97,-107,-89,-92,-109,-117,-98,-197,-196,-271,-275,-262,-258,-453,-424,-505,-490,-512,-520,-29982,-29983]} 1. e4 e6 2. d4 d5 3. Nd2 c5 4. Ngf3 cxd4 5. Nxd4 Nc6 6. Bb5 Bd7 7. Nxc6 bxc6 8. Bd3 Qc7 9. Qe2 {C07: French Tarrasch: 3...c5, 4 Ngf3 and 4 exd5 Qxd5} Ne7 10. Nf3 Ng6 11. e5 {LiveBook: 11 Games. The position is equal.} Be7 (11... Rb8 12. c3 Be7 13. h4 f6 14. Bxg6+ hxg6 15. Bf4 f5 16. Bg5 Bxg5 17. Nxg5 {½-½ (47) Malakhov,V (2691)-Gharamian,T (2626) Mali Losinj 2017}) 12. O-O O-O 13. h4 $146 ({Predecessor:} 13. Re1 f5 14. g3 h6 15. h4 c5 16. c3 Bc6 {½-½ (48) Bellincampi,S (2068)-Bes,S (2165) Cannes 2000}) 13... f5 14. g3 c5 {[#] White must now prevent ...c4.} 15. c3 Bc6 16. Bg5 (16. h5 $11 Nh8 17. Bb5) 16... Rab8 17. Bxe7 Nxe7 18. Rac1 Be8 $36 {[%mdl 2048] Black has some pressure.} 19. Ng5 c4 20. Bc2 Rb6 21. b4 cxb3 22. Bxb3 {With the idea c4.} h6 23. Nh3 Bb5 24. c4 Rc6 {[%cal Rd5c4]} 25. cxb5 (25. Nf4 $17 Bxc4 26. Bxc4 dxc4 27. Rfd1) 25... Rxc1 $19 26. Rxc1 (26. Nf4 $142 Rxf1+ 27. Kxf1) 26... Qxc1+ 27. Kg2 Ng6 28. Qh5 $2 (28. h5 Ne7 29. Nf4) 28... Nxe5 {And now ...Ng4 would win.} 29. Nf4 Qd2 {Hoping for ...Ng4.} 30. Bd1 Nd3 31. Nxe6 {[#]} (31. Nxd3 $19 Qxd3 32. a4) 31... Qxf2+ {Precision: White = 38%, Black = 72%.} 0-1

[Event "77th ITA-ch Men 2017"]
[Site "Cosenza"]
[Date "2017.11.30"]
[Round "2"]
[White "Dvirnyy, Danyyil"]
[Black "David, Alberto"]
[Result "1/2-1/2"]
[WhiteElo "2539"]
[BlackElo "2570"]
[Annotator "TA"]
[PlyCount "38"]
[EventDate "2017.??.??"]
[EventType "tourn"]
[EventCountry "ITA"]
[SourceTitle "playchess.com"]
[Source "ChessBase"]
[SourceQuality "1"]

{[%evp 19,38,22,29,25,23,-7,7,0,0,0,0,0,0,-2,13,16,20,-9,-5,-10,-1]} 1. d4 Nf6 2. c4 g6 3. g3 c6 4. Nf3 Bg7 5. Bg2 d5 6. O-O O-O 7. Qb3 Qa5 {D78: Fianchetto Grünfeld: 6 0-0 c6} (7... dxc4 8. Qxc4 Bf5 9. Re1 Nbd7 10. Qb3 Qb6 11. Qa3 Rfe8 12. Nc3 e5 13. dxe5 Ng4 14. Rf1 Ngxe5 15. Nxe5 Nxe5 16. Be3 {0-1 (30) Vachier Lagrave,M (2795)-Grischuk,A (2750) chess.com INT 2017}) 8. Nc3 dxc4 9. Qxc4 Be6 10. Qd3 Na6 {LiveBook: 5 Games} 11. Bf4 $146 ({Predecessor:} 11. Ng5 Bd7 12. Bd2 Qd8 13. Rad1 h6 14. Nf3 Bf5 15. Qc4 {1-0 (52) Romanishin,O (2555)-Kochyev,A (2475) Moscow 1989}) 11... Rad8 12. Rfd1 c5 {The position is equal.} 13. Qb5 Qxb5 14. Nxb5 Nd5 15. Bd2 Ndb4 {Threatening ...Bc4.} 16. dxc5 Bc4 17. Nfd4 e5 18. Rac1 Bxa2 19. c6 bxc6 1/2-1/2

[Event "77th ITA-ch Men 2017"]
[Site "Cosenza"]
[Date "2017.11.30"]
[Round "2"]
[White "Stella, Andrea"]
[Black "Genocchio, Daniele"]
[Result "1-0"]
[WhiteElo "2506"]
[BlackElo "2410"]
[Annotator "TA"]
[PlyCount "224"]
[EventDate "2017.??.??"]
[EventType "tourn"]
[EventCountry "ITA"]
[SourceTitle "playchess.com"]
[Source "ChessBase"]
[SourceQuality "1"]

{[%evp 18,224,13,18,15,5,27,11,12,10,5,4,14,7,0,-14,19,12,13,12,22,22,23,27,19,21,36,18,22,22,35,0,0,0,0,0,18,22,98,98,70,62,65,67,65,65,62,64,79,49,47,48,72,52,54,70,72,67,62,62,81,89,81,60,60,60,60,60,60,60,60,0,0,0,37,37,60,60,94,94,94,94,94,91,94,94,94,94,94,94,98,94,98,94,94,0,98,98,98,98,98,98,98,98,98,98,98,98,98,91,91,91,107,107,107,107,107,107,107,107,107,107,107,8,12,0,107,107,107,107,107,107,107,107,107,107,107,107,107,107,107,50,107,107,107,107,107,50,50,50,50,0,50,50,50,50,50,50,50,50,50,50,50,50,50,50,66,50,66,50,66,0,66,8,50,0,66,66,66,66,66,50,50,50,29958,29954,29959,29945,29965,29966,29965,29965,29967,29968,29968,29970,29972,29972,29973,29974,29973,29974,29975,29977,29979,29980,29980,29981,29988]} 1. d4 d6 2. g3 g6 3. Bg2 Bg7 4. Nf3 Nf6 5. O-O O-O 6. b3 e5 7. dxe5 dxe5 8. Ba3 Qxd1 {A49: 1 d4 Nf6 2 Nf3 g6 3 g3: Anti-King's Indian systems} 9. Rxd1 Re8 10. Nc3 {LiveBook: 20 Games} a6 {The position is equal.} 11. Rac1 $146 ({Predecessor:} 11. e4 Nc6 12. Nd5 Nxd5 13. exd5 e4 14. dxc6 Bxa1 15. Ng5 Bg7 16. Bxe4 bxc6 17. Bxc6 {1-0 (31) Kramnik,V (2777)-Vovk,Y (2617) Berlin 2015}) 11... Nc6 12. Ng5 Nd4 13. e3 Nb5 14. Bb2 Nd6 15. Na4 Bg4 16. Re1 Rad8 17. c4 h6 18. Nf3 e4 19. Nd2 Bf5 20. h3 h5 21. Red1 Nd7 22. Bxg7 Kxg7 23. c5 Nb5 24. Nc4 Nf6 25. Na5 Bc8 26. Bf1 Na7 27. Nc3 Nd7 (27... h4 $11) 28. Nd5 $16 c6 29. Nc7 Re7 30. Na8 Rh8 31. Nb6 Ne5 32. Nxc8 Nxc8 33. Nc4 Nd7 34. b4 Nf6 35. a4 Nd5 36. b5 axb5 37. axb5 cxb5 38. Nd6 $1 Nb4 39. Bxb5 Na7 40. Rd4 Nxb5 41. Rxb4 ({Much weaker is} 41. Nxb5 $6 Nd3 $11) 41... Nxd6 42. cxd6 $14 {[%mdl 4096] Endgame KRR-KRR} Rd7 43. Rc7 Rxd6 44. Rbxb7 (44. Rxe4 $14 b5 45. Rb7) 44... Rf6 $11 45. Re7 Rc8 {[#] Threatens to win with ...Rc1+.} 46. Rxe4 Rc2 47. Rf4 Rxf4 48. gxf4 $14 {KR-KR} Rc1+ 49. Kg2 Rc2 50. Kg3 Re2 51. Rb5 Kf6 52. h4 Re1 53. Kg2 Ra1 54. Rg5 Ra4 55. Kh3 Ra2 56. Kg2 Ra4 $1 57. f3 Ra2+ 58. Kg3 Ra3 59. e4 Ra1 60. Rb5 Rh1 61. f5 gxf5 62. Rxf5+ Kg6 63. Rg5+ Kh6 64. Ra5 Kg6 65. Ra6+ Kg7 66. e5 Kh7 67. Rb6 Kg7 68. Rf6 Rg1+ 69. Kf4 Rg2 70. Rf5 (70. Ra6 $16) 70... Kg6 $11 71. Rf6+ (71. e6 $11 fxe6 72. Re5) 71... Kg7 $16 72. Rb6 Rg1 73. Rc6 Rg2 74. Rc1 Kg6 75. Rh1 (75. Rc7 {is interesting.} Rf2 76. Rc8 Kg7 77. Rc5 Rf1 78. Rd5) 75... Kg7 76. Rd1 Kg6 77. Rb1 (77. Rd6+ {is more complex.} Kh7 78. Kf5 Rg3 79. Rd3 Kg7 80. Rc3) 77... Kg7 78. Rh1 Kg6 79. Rh3 (79. Ra1 $16) 79... Rg1 (79... Rc2 $1 $14) 80. Rh2 Kg7 81. Kf5 Rg3 82. f4 ({White should play} 82. Rf2 $16) 82... Rg1 83. Rh3 Rg4 84. Rh2 Kf8 85. Rh1 Ke7 86. Ra1 Rxh4 87. Ra8 Kd7 88. Rf8 Ke7 89. Rh8 Rh1 90. Rh7 {Black must now prevent e6.} Re1 91. Rxh5 Re2 92. Rh8 Rb2 93. Ra8 Rb6 94. Rh8 (94. Ra7+ $14 Kf8 95. Ra8+ Ke7 96. Ra7+ Ke8 97. Rc7) 94... Ra6 ({Black should try} 94... Rb2 $11) 95. Kg5 ({Better is} 95. Rb8 $14) 95... Rg6+ 96. Kf5 Ra6 97. Rb8 Rc6 98. Rb7+ Ke8 99. Kg5 Rg6+ $1 100. Kh5 Ra6 $2 {[%mdl 8192] [#]} (100... Rg1 $14) 101. f5 {White mates.} Ra5 102. Kg5 Rxe5 103. Kf6 Ra5 104. Rb8+ ({Less strong is} 104. Re7+ Kf8 $16) 104... Kd7 105. Rf8 Rb5 106. Rxf7+ Ke8 107. Ra7 Rb1 108. Ra8+ Kd7 109. Kf7 Rb7 110. f6 {[%cal Bf5f6,Bf6f7][%mdl 32]} Kd6+ 111. Kg6 Rb1 112. f7 Kd5 {Precision: White = 68%, Black = 59%.} 1-0

[Event "77th ITA-ch Men 2017"]
[Site "Cosenza"]
[Date "2017.11.30"]
[Round "2"]
[White "Valsecchi, Alessio"]
[Black "Godena, Michele"]
[Result "1-0"]
[WhiteElo "2501"]
[BlackElo "2490"]
[Annotator "TA"]
[PlyCount "113"]
[EventDate "2017.??.??"]
[EventType "tourn"]
[EventCountry "ITA"]
[SourceTitle "playchess.com"]
[Source "ChessBase"]
[SourceQuality "1"]

{[%evp 13,113,2,10,12,38,42,50,54,48,22,25,14,14,13,20,20,35,20,18,17,31,32,25,24,29,14,20,0,0,0,0,0,5,0,2,0,0,0,4,0,7,9,29,0,181,181,181,181,181,183,169,165,206,216,210,220,217,211,212,216,303,297,299,302,326,295,282,295,273,278,314,310,289,296,390,380,413,402,601,601,582,579,419,417,538,533,445,417,660,551,5414,5026,4441,4902,5567,5427,5927,5919,5862,5664,4930,4922]} 1. e4 e5 2. Nf3 Nc6 3. Nc3 Nf6 4. a3 d5 5. Bb5 d4 6. Ne2 {C47: Scotch Four Knights and Four Knights with 4 g3} Bd7 7. d3 Bd6 {LiveBook: 9 Games} 8. Ng3 {The position is equal.} Na5 $146 ({Predecessor:} 8... h6 9. O-O Nh7 10. c3 dxc3 11. bxc3 Ng5 12. Bc4 Qf6 {0-1 (71) Todorov,T (2470)-Godena,M (2527) Senat 2003}) 9. Bxd7+ Nxd7 10. O-O O-O 11. Ng5 Nc6 12. c3 Be7 13. Nf3 {[%cal Bg5f3,Bf3e1,Be1c2,Bc2b4][%mdl 32]} dxc3 14. bxc3 Bf6 15. Nh5 Re8 16. Be3 g6 17. Nxf6+ Nxf6 18. Ne1 Qd6 19. f3 Rad8 20. Kh1 b6 21. Qa4 Nh5 22. Rd1 Na5 23. Nc2 Qd7 24. Qxd7 Rxd7 25. Nb4 Kg7 26. g4 Nf6 27. d4 {[#] Strongly threatening dxe5.} Nc4 28. Bg5 {next dxe5 is good for White.} h6 $2 (28... exd4 $11 {and Black stays safe.} 29. Rxd4 Rxd4 30. cxd4 Nxa3) 29. dxe5 $18 Nxe5 30. Bxf6+ $1 Kxf6 31. f4 Rxd1 32. fxe5+ Kg5 33. Rxd1 Rxe5 {[%mdl 4096] Endgame KRN-KR} 34. Rd5 Kf6 {[#]} 35. Rd7 $1 Rxe4 36. Rxc7 a5 (36... Rxg4 {keeps fighting.} 37. Rxa7 Rc4) 37. Nd5+ Kg5 38. Nxb6 f6 39. Nd5 Ra4 40. Kg2 Rxg4+ 41. Kf3 Ra4 42. Rc5 {aiming for Nb6+.} f5 43. Rc6 h5 44. h3 Rxa3 45. Ne7 Kh4 (45... f4 $142 46. Nxg6 Ra1 47. h4+ Kf5 48. Nxf4 Rf1+ 49. Kg3 Rg1+ 50. Kf3 Rf1+ 51. Kg3 Rg1+ 52. Kf3 Rf1+) 46. Nxg6+ Kxh3 47. Rc4 {[%csl Gg6][%cal Rc4h4]} Kh2 48. Nh4 Ra1 49. Nxf5 Rf1+ 50. Ke4 Ra1 (50... Rg1 $142 51. Ne3 Rg6) 51. Kd3 {White is clearly winning.} a4 {Now ...a3 and Black clings on.} 52. Rh4+ Kg1 53. Ne3 a3 54. Rxh5 a2 55. Ra5 Kf2 56. c4 Kf3 57. Nc2 {Precision: White = 88%, Black = 57%.} 1-0

[Event "77th ITA-ch Men 2017"]
[Site "Cosenza"]
[Date "2017.11.30"]
[Round "2"]
[White "Valsecchi, Alessio"]
[Black "Godena, Michele"]
[Result "*"]
[WhiteElo "2501"]
[BlackElo "2490"]
[Annotator "TA"]
[PlyCount "24"]
[EventDate "2017.??.??"]
[EventType "tourn"]
[EventCountry "ITA"]
[SourceTitle "playchess.com"]
[Source "ChessBase"]
[SourceQuality "1"]

{[%evp 7,7,6]} 1. e4 e5 2. Nf3 Nc6 3. Nc3 Nf6 4. a3 {Predecessor:} d5 $146 5. Bb5 Nxe4 6. Qe2 Nxc3 7. Qxe5+ Be7 8. Qxc3 O-O 9. d4 Nb8 10. Bf4 Bd6 11. Bxd6 Qxd6 12. O-O Bf5 {½-½ (35) Antipov,M (2580)-Nikolov,M (2585) Linares 2017} *

[Event "77th ITA-ch Men 2017"]
[Site "Cosenza"]
[Date "2017.11.30"]
[Round "2"]
[White "Garcia Palermo, Carlos"]
[Black "Gilevych, Artem"]
[Result "1/2-1/2"]
[WhiteElo "2440"]
[BlackElo "2429"]
[Annotator "TA"]
[PlyCount "143"]
[EventDate "2017.??.??"]
[EventType "tourn"]
[EventCountry "ITA"]
[SourceTitle "playchess.com"]
[Source "ChessBase"]
[SourceQuality "1"]

{[%evp 20,143,25,11,38,-20,32,31,20,24,31,25,45,44,93,85,75,86,104,99,74,68,64,52,45,57,104,97,102,35,26,36,161,43,277,273,277,266,297,289,289,287,12828,11169,12829,12829,946,760,12831,8405,12841,12841,12845,12846,12848,12842,12842,12840,12841,12841,12841,12842,12843,12843,12844,12844,12845,12845,12845,12846,12848,12848,12850,0,0,0,0,0,0,0,0,0,0,0,0,0,0,0,0,0,0,0,0,0,0,0,0,0,0,0,0,0,0,0,0,0,0,0,0,0,0,0,0,0,0,0,0,0,0,0,0,0,0,0,0,0]} 1. Nf3 d5 2. g3 Bg4 3. Bg2 Nd7 4. c4 e6 5. cxd5 exd5 6. O-O Ngf6 7. h3 Bh5 8. d3 Be7 9. Nc3 c6 10. e4 {A11: English Opening: 1...c6} O-O 11. g4 {LiveBook: 3 Games} (11. exd5 Nxd5 12. Nxd5 cxd5 13. Be3 Nc5 14. d4 Ne4 15. Qb3 Bxf3 16. Bxf3 Qd7 17. Bg2 Kh8 18. Rac1 Rac8 19. h4 f5 20. Rfd1 Bf6 {0-1 (54) Meier,G (2630)-Karjakin,S (2783) chess.com INT 2017}) 11... Bg6 {[%cal Rd5e4]} 12. Nd4 (12. g5 $14 Nh5 13. exd5) 12... Nc5 (12... Bc5 $11 13. Be3 dxe4 14. dxe4 Re8) 13. Nf5 $14 Bxf5 14. gxf5 dxe4 15. dxe4 Nd3 $146 ({Predecessor:} 15... Qc7 16. Qe2 Nfd7 17. f4 f6 {1-0 (27) Haag,E-Berger,B Voros Lobogo 1955}) 16. Be3 Bd6 17. f4 (17. Qxd3 $2 Bh2+ 18. Kxh2 Qxd3 $19) 17... Bc5 18. Bxc5 Nxc5 19. e5 {aiming for Qxd8.} Ne8 20. Qxd8 Rxd8 21. b4 Nd3 $1 22. b5 $36 {[%mdl 2048] White has good play.} g5 23. bxc6 bxc6 24. e6 ({Better is} 24. fxg5 $16 {Hoping for e6.} Nxe5 25. Rae1) 24... fxe6 25. fxe6 {[%cal Bf5e6,Be6e7][%mdl 32]} Rxf4 (25... Rd6 $1 $14) 26. Bxc6 (26. Rad1 $18) 26... Rxf1+ $2 ({Black should try} 26... Ne5 $14 27. e7 Rc8 28. Bd5+ Kg7) 27. Rxf1 $18 ({And not} 27. Kxf1 Rc8 $11) 27... Nf4 28. Ne4 $1 Nxh3+ 29. Kh2 Nf4 30. e7 ({Resist} 30. Nxg5 $6 Ng6 $18) 30... Rc8 $2 (30... Rd4 31. Nxg5 Nd6) 31. Bxe8 $1 Rxe8 {[%mdl 4096] Endgame KRN-KRN} 32. Nf6+ Kf7 33. Nxe8 Kxe8 {KR-KN} 34. Re1 Ng6 35. Kg3 Nxe7 36. Kg4 Kd7 37. Kxg5 Nd5 38. Kf5 Nc3 39. Ra1 Kd6 {[#]} 40. Kf4 $1 {[%cal Rf4e3]} h5 {[#]} 41. Ke3 $1 {[%cal Re3d4]} Ke5 42. Kd3 Nd5 43. Rh1 Nf4+ 44. Ke3 Nd5+ 45. Kf3 Kd4 46. Rh4+ $2 (46. Rxh5 $18 {Strongly threatening Rh7.} Kc4 47. Rh7) 46... Kc3 $1 $11 {The position is equal.} 47. Ra4 ({Weaker is} 47. Rxh5 Kc4 $18) 47... Kb2 $1 48. Rxa7 Nc3 49. a4 Ka3 50. a5 {Threatening mate with Rb7.} Ka4 51. Kg2 Nb5 52. Ra6 Na3 53. Ra8 {And now a6 would win.} Kb5 54. Kh3 Nc4 55. a6 Nb6 56. Ra7 Na4 57. Kh4 Nc5 58. Rb7+ Kxa6 59. Rb1 Ne4 60. Kxh5 Nc3 61. Rb3 Nb5 62. Kg4 Kb6 63. Kf4 Kc5 64. Ke5 Kc4 65. Rb2 Nc3 66. Rd2 $1 Nb5 67. Rd5 Nc3 68. Rd4+ Kc5 69. Rh4 Nb5 70. Rh8 Kc4 71. Rc8+ Kd3 72. Rc3+ {Precision: White = 78%, Black = 56%.} 1/2-1/2

[Event "77th ITA-ch Men 2017"]
[Site "Cosenza"]
[Date "2017.11.30"]
[Round "2"]
[White "Sonis, Francesco"]
[Black "Brunello, Sabino"]
[Result "1-0"]
[WhiteElo "2420"]
[BlackElo "2556"]
[Annotator "TA"]
[PlyCount "53"]
[EventDate "2017.??.??"]
[EventType "tourn"]
[EventCountry "ITA"]
[SourceTitle "playchess.com"]
[Source "ChessBase"]
[SourceQuality "1"]

{[%evp 16,53,33,32,49,20,37,30,31,35,21,28,28,17,17,10,36,16,43,22,41,35,81,72,91,80,99,81,99,49,190,206,252,179,176,177,180,164,225,224]} 1. e4 e5 2. Nf3 Nc6 3. Bc4 Nf6 4. d3 Be7 5. O-O O-O 6. Re1 d6 7. a4 Na5 8. Ba2 {C55: Two Knights: 4 d3, 4 d4 exd4 5 e5 and Max Lange Attack} c5 9. Na3 {LiveBook: 16 Games} (9. c3 Nc6 10. Na3 a6 11. Bd2 Rb8 12. Nc2 Be6 13. Bxe6 fxe6 14. b4 b5 15. Qe2 Qd7 {½-½ (54) Duda,J (2707)-Naiditsch,A (2710) Linares 2017}) 9... Bd7 10. c3 {White is slightly better.} a6 11. b4 $146 ({Predecessor:} 11. Bg5 h6 12. Bxf6 Bxf6 13. Nc4 Nxc4 14. Bxc4 {0-1 (73) Stevic,H (2606)-Nikolic,P (2602) Palic 2014}) 11... cxb4 12. cxb4 Nc6 13. b5 axb5 14. axb5 Na7 15. Qb3 Be6 16. Nc4 Nd7 17. Be3 Nc8 18. Qb2 Kh8 19. Bb3 $36 {[%mdl 2048] White is on the roll.} Rxa1 20. Rxa1 Bxc4 21. Bxc4 Ncb6 22. Qb3 f5 {[#]} (22... Nxc4 $14 23. Qxc4 (23. dxc4 Qc7 $14) 23... Nf6) 23. exf5 $1 $18 Rxf5 24. Be6 Rf8 {White is clearly better.} 25. Bxd7 Nxd7 26. Qd5 Qc8 {[#]} (26... Qc7 $142 27. Rc1 Qb8) 27. Ra7 $1 {Precision: White = 74%, Black = 15%.} 1-0